| 000 | 01233cam a2200229 a 4500 | ||
|---|---|---|---|
| 001 | 000001199 | ||
| 005 | 20200929145514.0 | ||
| 008 | 870812s1986 cl a b i100 0 spa | ||
| 020 | _a9213212046 | ||
| 040 |
_aDO-SdBNP _bspa _cBNPHU |
||
| 082 |
_avv _bG216 |
||
| 100 | 1 |
_aGarcía Elizalde, Pedro _94095 |
|
| 245 | 1 | 3 |
_aEl desarrollo frutícula y forestal en Chile y sus derivaciones sociales / _cPedro García Elizalde. |
| 260 |
_aSantiago de Chile : _bNaciones Unidas, _c1986. |
||
| 300 |
_a234 p. : _bil. ; _c23 cm. |
||
| 440 | 0 |
_aEstudios e informes de la CEPAL _x0256-9795 ; _vv. 57 _93101 |
|
| 500 | _aTexts prepared by Pedro Garcia Elizalde and Jose I. Leyton. | ||
| 500 | _a"Los documentos incluidos en este numero fueron presentados al Taller CEPAL/FAO sobre Politica Agricola y Desarrollo Rural (Santiago de Chile, 26 al 30 de agosto de 1985) que forma parte del proyecto conjunto del gobierno de los paises bajos y la CEPAl relativo al mismo tema adscrito a la Division Agricolas Conjunta CEPAL/FAO"--T.p. verso. | ||
| 504 | _aIncluye referencia bibliográficas(p. 225-227) | ||
| 500 | _a"Publicación de las Naciones Unidas, número de venta S.86.II.G.7"--T.p. verso. | ||
| 500 | _a"LC/G.1378, enero de 1986"--T.p. verso. | ||
| 999 |
_c1150 _d1150 |
||